1728 1417 1242 1048 1092 1297 1809 1301 1570 1094 1743 1561 1837 1249 1540 1093 1183 1820 1702 1523 1060 1484 1744 1610 1773 1940 1801 1765 1094 1833 1498 1902 1436 1107 1589 1931 1452 1518 1201 1509 1832 1489 1951 1270 1269 1678 1029 1449 1300 1603 1187 1539 1949 1835 1184 1123 1794 1649 1868 1788 1023 1904 1045 1518 1909 1235 1654 1736 1831 1752 1915 1030 1489 1452 1600 1492 1705 1675 1748 1095 1313 1753 1105 1569 1059 1951 1196 1682 1662 1041 1372 1884 1929 1828 1752 1334 1254 1031 1576 BCNSPRNW ULIB Ver.6.0+V

เปลี่ยนเป็นภาษาไทย

Change to English
 แสดงรายละเอียดบรรณานุกรม
  กลับหน้าหลัก

Brief Record : Get Marc (ISO 2709) : E-mail record : QR code < ปิดหน้าต่าง
LEADER : 00000nam 2200000uu 4500
001    13399111945
003     ULIB
008    110712s2545||||th 000 0 tha d
020    9748212343
050  4 DS589.S21^bก278ส 2545
100 0  กฤษกร วงศ์กรวุฒิ
245 10 สมุทรปราการ/^cกฤษกร วงศ์กรวุฒิ
260    กรุงเทพฯ :^bสารคดี,^c[2545]
300    166 หน้า :^bภาพประกอบ, แผนที่ :^c21 ซม.
490 0  "นายรอบรู้" นักเดินทาง
651  7 ไทย (ภาคกลาง)^xความเป็นอยู่และประเพณี
651  7 ไทย (ภาคกลาง)^xภูมิประเทศและการท่องเที่ยว
651  7 สมุทรปราการ^xความเป็นอยู่และประเพณี
651  7 สมุทรปราการ^xภูมิประเทศและการท่องเที่ยว
651  7 สมุทรปราการ^xโบราณสถาน
945    ^p95^l0^i015902
995    ทศพร
999 ^a ใช้งานได้ทุกระบบ
รายการนี้ยังไม่มีแท็ก
คุณยังไม่ได้ล็อกอิน คุณสามารถมีกิจกรรมร่วมกับเว็บไซต์ได้ แต่ต้องล็อกอินก่อน ::
  ล็อกอิน

รายการสื่อสารสนเทศ

ลำดับที่ ประเภท เลขเรียก/บาร์โค้ด สถานที่ สถานะ
- ไม่พบข้อมูล -

รายการใกล้เคียง
    ผู้แต่ง [กฤษกร วงศ์กรวุฒิ]

BibComment


ยังไม่เคยถูกคอมเมนท์

คอมเมนท์ทรัพยากรรายการนี้
  คอมเมนท์: สมุทรปราการ กฤษกร..


 Copyright 2026. Bcnsprnw @Library